000 00754nam a22002177a 4500
003 UA-OsUOA
001 109997
007 ta
008 20150217b un ||||| |||| 00| 0 ukr d
100 _aПереверзєва Н.
090 _a81
_bП27
942 _cSA
040 _aUA-OsUOA
_bukr
_cUA-OsUOA
_dUA-OsUOA
245 _aРозвиток творчих здібностей учнів на уроках української мови та літератури
300 _aС.36-41
955 _a0
041 _aukr
080 _a81
773 0 _w109996
_tУкраїнська мова та література
_dК.
_d2015
_g3
650 7 _a8 Мовознавство. Художня література. Літературознавство
_2UDC
999 _c396045
_d396045